| 000 | 00640nam a2200205Ia 4500 | ||
|---|---|---|---|
| 005 | 20230608143644.0 | ||
| 008 | 131103s9999 xx 000 0 und d | ||
| 040 | _aLoreto College | ||
| 041 | _aEnglish | ||
| 082 |
_a808.3 _bGAR |
||
| 100 | _aGarrett, Peter K. | ||
| 245 |
_aScene and symbol fromGeorge to James Joyce _b studies in changing fictional mode _cPeter K. Garrett |
||
| 260 |
_aNew Haven _bYale University Press _c1969 |
||
| 300 | _aix, 284 p. | ||
| 504 | _aIncludes bibliographical references and index | ||
| 650 | _aLiterature - | ||
| 651 | _aRhetoric -Fiction - Fiction Technique - | ||
| 850 | _aLCLIB | ||
| 942 | _cBK | ||
| 999 |
_c1027 _d51506 |
||